| 000 | nam a22 7a 4500 | ||
|---|---|---|---|
| 999 |
_c55547 _d55547 |
||
| 003 | OSt | ||
| 005 | 20220913143116.0 | ||
| 008 | 220913b xxu||||| |||| 00| 0 eng d | ||
| 040 | _cIIMT UNIVERSITY, MEERUT | ||
| 100 | _aPRASAD, P | ||
| 245 | _aPROFESSIONAL COMMUNICATION | ||
| 260 |
_aS.K. KATARIA & SONS _bNEW DELHI _c2014 |
||
| 300 | _a268 | ||
| 942 |
_2ddc _c09 |
||